| 000 | 03573cjm a2200769 i 4500 | ||
|---|---|---|---|
| 001 | data | ||
| 005 | 20260322212123.0 | ||
| 007 | data | ||
| 008 | data | ||
| 035 | _a23652894 | ||
| 906 |
_a7 _bcbc _ccopycat _d2 _encip _f20 _gy-soundrec |
||
| 925 | 0 |
_aacquire _b2 shelf copies _xpolicy default |
|
| 010 | _a 2024622536 | ||
| 024 | 1 | _a021471907322 | |
| 028 | 0 | 2 |
_a19073 _bDRG Theater |
| 028 | 0 | 0 |
_aCL 6220 _bColumbia |
| 028 | 0 | 0 |
_aML 4765 _bColumbia |
| 033 | 2 | 0 |
_a19520501 _a19520501 |
| 035 | _a(OCoLC)60622716 | ||
| 040 |
_aOCD _beng _erda _cOCD _dDLC _dCNCGM _dOCLCQ _dOCLCA _dOCLCF _dOCLCO _dOCLCQ _dOCLCA _dOCLCO _dOCLCQ _dOCLCL _dDLC |
||
| 042 | _alccopycat | ||
| 045 | 0 | _bd1933 | |
| 046 |
_k1933 _2edtf |
||
| 050 | 0 | 0 | _aSDD 76262 |
| 100 | 1 |
_aKern, Jerome, _d1885-1945, _ecomposer. _1https://id.oclc.org/worldcat/entity/E39PBJvXj3FKxcWYtxfJbx7vHC |
|
| 240 | 1 | 0 | _aRoberta |
| 245 | 1 | 0 |
_aJerome Kern's Roberta / _cmusic by Jerome Kern ; lyrics by Otto Harbach [and others]. |
| 246 | 3 | 0 | _aRoberta |
| 264 | 1 |
_aNew York, NY : _bDRG Theater, _c[2005] |
|
| 264 | 4 | _c℗2005 | |
| 300 |
_a1 audio disc : _bdigital ; _c4 3/4 in. |
||
| 336 |
_aperformed music _bprm _2rdacontent |
||
| 337 |
_aaudio _bs _2rdamedia |
||
| 338 |
_aaudio disc _bsd _2rdacarrier |
||
| 344 |
_adigital _2rdatr |
||
| 344 |
_boptical _2rdarm |
||
| 344 |
_gstereo _2rdacpc |
||
| 347 |
_aaudio file _2rdaft |
||
| 347 | _bCD audio | ||
| 490 | 1 | _aThe Broadway collector series | |
| 500 | _aTitle from disc label. | ||
| 500 | _aOther lyricists include: Oscar Hammerstein II, Dorothy Fields & Jimmy McHugh. | ||
| 500 | _aRomantic comedy musical based on the novel Gowns by Roberta by Alice Duer Miller. | ||
| 500 | _aOriginally released as Columbia CL 6220/ML 4765, in 1952. | ||
| 500 | _aOriginal liner notes inserted in container. | ||
| 505 | 0 | 0 |
_gFinale. _tLovely to look at -- _tYou're devastating -- _tLet's begin -- _t(When your heart's on fire) Smoke gets in your eyes -- _tI won't dance -- _tThe touch of your hand -- _tSomething had to happen -- _tYesterdays -- _tI'll be hard to handle -- _tLovely to look at -- _gFinale. |
| 508 | _aProduced for records by Goddard Lieberson. | ||
| 511 | 0 | _aJoan Roberts, Jack Cassidy, Kaye Ballard, Portia Nelson, Stephen Douglass, Frank Rogier, vocals ; orchestra and chorus ; Lehman Engel, conductor. | |
| 518 |
_oRecorded _d1952 April 28-May 1. |
||
| 650 | 0 | _aMusicals. | |
| 650 | 7 |
_aMusicals. _2fast _0(OCoLC)fst01030814 |
|
| 655 | 7 |
_aMusicals. _2lcgft |
|
| 700 | 1 |
_aHarbach, Otto, _d1873-1963, _elibrettist. _elibrettist. _1https://id.oclc.org/worldcat/entity/E39PBJvt768mbTfC38WgGRcgKd |
|
| 700 | 1 |
_aHammerstein, Oscar, _cII, _d1895-1960, _elyricist. |
|
| 700 | 1 |
_aFields, Dorothy, _d1905-1974, _elyricist. |
|
| 700 | 1 |
_aMcHugh, Jimmy, _d1894-1969, _elyricist. |
|
| 700 | 1 |
_aRoberts, Joan, _d1917-2012, _esinger. _1https://id.oclc.org/worldcat/entity/E39PBJtrPqD3djGjWJJ6K3cVmd |
|
| 700 | 1 |
_aCassidy, Jack, _d1927-1976, _esinger. _1https://id.oclc.org/worldcat/entity/E39PBJjdcDbBphHDhPg8PypHG3 |
|
| 700 | 1 |
_aBallard, Kaye, _esinger. |
|
| 700 | 1 |
_aNelson, Portia, _esinger. |
|
| 700 | 1 |
_aDouglass, Stephen, _d1921-2011, _esinger. _1https://id.oclc.org/worldcat/entity/E39PBJbRgJJqtWMPmRPp7cm8G3 |
|
| 700 | 1 |
_aRogier, Frank, _esinger. |
|
| 700 | 1 |
_aEngel, Lehman, _d1910-1982, _econductor. _1https://id.oclc.org/worldcat/entity/E39PBJyRDBjkKqbrpckbPxmKh3 |
|
| 700 | 1 |
_iMusical theatre adaptation of (work): _aMiller, Alice Duer, _d1874-1942. _tGowns by Roberta. |
|
| 830 | 0 | _aBroadway collector series. | |
| 999 |
_c1889 _d1889 |
||